000 01579 a2200253 4500
001 44907
005 20260407155724.0
008 260407a1984 arg spa d
003 AR-UNSa-BCEJYS
040 _aAR-UNSa-BCEJYS
_bspa
_cAR-UNSa-BCEJYS
080 _a331.101.26
_xEconomía del trabajo
245 1 0 _aEconomía del trabajo y los salarios
020 _a84-206-8085-0
264 1 _aMadrid :
_bAlianza Editorial
_c1984
300 _a462 p.
_c23 cm.
505 _a1. La actividad económica – 2. Las horas de trabajo y la oferta de esfuerzo – 3. La oferta de cualificaciones: La inversión en capital humano – 4. L a demanda de trabajo en los mercados competitivos – 5. La demanda de trabajo: Algunas extensiones – 6. El análisis conjunto de la oferta y la demanda: El proceso de búsqueda – 7. Migración y movilidad – 8. L a estructura del empleo. Las vacantes y el desempleo – 9. Los sindicatos: Crecimiento y objetivos – 10. Los métodos de los sindicatos: El proceso de negociación – 11. Influencia de los sindicatos en los mercados de trabajo – 12. Diferencias compensatorias y beneficios sociales – 13. La discriminación salarial – 14. La distribución de las ganancias y la renta – 15. Los salarios. La inflación y el ciclo económico
041 _aspa
942 _cBK
590 _aniveau_biblio:m niveau_hierar:0
100 1 _aRabasco Espáriz, Esther
700 1 _aRees, Albert
700 1 _aHamermesh, Daniel S.
856 4 1 _uhttps://www.biblioeco.unsa.edu.ar/pmb/images/libros/L127031.jpg
_yImagen de portada
_qimage/jpeg
999 _c3848
_d3848